LIBRARY & INFORMATION CENTRE, KCAET, TAVANUR

ONLINE PUBLIC ACCESS CATALOGUE (OPAC)

Akbar / (Record no. 3864)

MARC details
000 -LEADER
fixed length control field 00481cam a2200181ua 4500
041 ## - LANGUAGE CODE
Language code of text/sound track or separate title mal
082 ## - DEWEY DECIMAL CLASSIFICATION NUMBER
Classification number 894.812 308
Item number KER/AK
100 ## - MAIN ENTRY--AUTHOR NAME
Personal name Kerala Varma , Valiya Koilthampuran .
245 ## - TITLE STATEMENT
Title Akbar /
250 ## - EDITION STATEMENT
Edition statement 1 /
260 ## - PUBLICATION, DISTRIBUTION, ETC. (IMPRINT)
Place of publication :
Name of publisher Sahitya Pravarthaka Co-operative Society ,
Year of publication 1968.
300 ## - PHYSICAL DESCRIPTION
Number of Pages 246 ; .
942 ## - ADDED ENTRY ELEMENTS (KOHA)
Koha item type Books
Holdings
Withdrawn status Lost status Damaged status Home library Current library Date acquired Full call number Accession Number Koha item type
      KAUAET KAUAET 07/04/2012 894.812 308 12029 Books
      KAUAET KAUAET 07/04/2012 894.812 308 12030 Books
Withdrawn     KAUAET Malayalam University 07/04/2012 894.812 308 9355 Books
free website counter